=LDR 00000nam 2200000 4500 =001 INLIS000000000035427 =005 20130612141302 =008 ***********************************ind** =035 ##$$0010-061300000035427 =041 ##$$a ind =082 ##$$a F Rom K =090 ##$$a F Rom K, Hia u =100 ##$$a Hiaasen, Carl =245 ##$$a Uhu, Carl Hiassen;Alih bahasa, B.Sendra Tanuwidjaya =260 ##$$a 2006 $b Jakarta =300 ##$$a 328 hlm, 20 cm =650 ##$$a Fiksi Kanak-Kanak =700 ##$$a Tanuwijaya, B. Sendra =850 ##$$a NBPNMAT =990 ##$$a 75897589 =990 ##$$a 01201807589